| 000 | 00623cam a2200205 4500 | ||
|---|---|---|---|
| 001 | 45463 | ||
| 090 | _a45463 | ||
| 100 | _a19910307d1943 km y0pory50030103ba | ||
| 101 | 1 | _apor | |
| 102 | _aPT | ||
| 200 | 1 |
_aArte primitiva _fL. Adam _gtrad. Edmundo Curvelo |
|
| 210 | 9 |
_aLisboa _cEdições Cosmos, _dimp. 1943 |
|
| 215 |
_a189, [3] p., [8] p. _cil. _d19 cm |
||
| 225 | 2 |
_aBiblioteca Cosmos _v42-43. _h2.ª Seccão, _iArtes e Letras _v8-9 |
|
| 317 | _aBiblioteca Matilde Rosa Araújo | ||
| 675 |
_a7.031 _vBN _zpor |
||
| 700 | 1 |
_aAdam, _bLucien, _f1833-1918 |
|
| 702 | 1 |
_aCurvelo, _bEdmundo, _f1913-1954 _4730 |
|
| 801 | 0 |
_aPT _bBN _gRPC |
|
| 990 | _cLIVROS | ||